00506nam a2200193 a 4500001001300000003000900013005001700022008004100039020001000080082001500090100002000105245005900125260003200184300000900216500003500225505001000260650002200270700002000292nice12345678IN_TiNIC20260116014553.0050524s2003 dela grp 000 0 eng  ac39500a291.6bMEH aMehrotra, Rajiv aMind of the Guru, Conversations With Spiritual Masters aDelhibPenguin Books c2003 a254p aincludes index and biblioraphy2 aIndex aSpiritual Leaders1 aMehrotra, Rajiv